Dos monografías sobre temas provinciales
Colección:
San Jorge,
; núm. 5 (gener 1952), pàg 12
Idioma:
Español
MARC
| LEADER | 00000naa a2200000 a 4500 | ||
|---|---|---|---|
| 003 | Arxiu | ||
| 005 | 20260324181026.0 | ||
| 008 | 160829s1952 spc xx s spa c 000 0 cat d | ||
| 040 | |a agdb | ||
| 245 | 0 | 0 | |a Dos monografías sobre temas provinciales |
| 246 | 3 | 3 | |a 2 monografías sobre temas provinciales |
| 490 | |a San Jorge, |v núm. 5 (gener 1952), pàg 12 | ||
| 590 | |a Inclou: Museo Romántico de Alberto del Castillo i Las fuentes escritas referentes a Ampurias de Martín Almagro. | ||
| 610 | 2 | 0 | |a Museu Romàntic (Sitges, Catalunya) |9 54526 |
| 651 | 0 | |9 54666 |a Empúries (Ciutat antiga) |v Fonts | |
| 773 | |g Núm. 5 (gener 1952), pàg 12 |t San Jorge. | ||
| 901 | |a Arxiu | ||
| 942 | |n 1 |2 udc |c ART | ||
| 952 | |0 0 |1 0 |4 0 |6 REV508 |7 1 |9 64633 |a Arxiu |b Arxiu |d 2022-12-02 |l 0 |o Rev-508 |r 2022-12-02 00:00:00 |w 2022-12-02 |y ARXIU |z També disponible a Rev-521 | ||
| 999 | |c 44073 |d 44073 | ||